000 00595cab a2200205 4500
001 WB2612-24
008 090401t1990 xxu||||| |||| 00| 0 eng d
035 _a(Sirsi) u15686
041 _aeng
245 _aCrofts returned to community
260 _c1990
350 _a0
490 _aTimes
_v17/3/90 p5
520 _aThe Scottish Office plans to give crofters land back to the community, transferring the holdings to community trusts with controls on selling the land to developers.
650 _aCROFTS
650 _aSCOTLAND
690 _aLAND
942 _n0
948 _c04/03/1997
999 _c10314
_d10314